000 00815nam a2200253 i 4500
003 DO-SdBNP
005 20241022091228.0
007 ta
008 241022b1982 dr a|||| |||| 00| 0 spa d
040 _aDO-SdBNP
_bspa
_cBNPHU
_erda
082 4 _axxx
_bC199h
_222
100 1 _aCampusano, Julio,
_eautor
_4aut.
_985076
245 1 0 _aHe aquí el testimonio :
_bselección poética /
_cJulio Campusano
264 4 _aSanto Domingo :
_bTalleres Gráficos de la UASD,,
_c1982.
300 _a61 páginas :
_bIlustraciones,
_c21 cm.
336 _atexto
_btxt
_2rdaconten
337 _asin medición
_bn
_2rdamedia
338 _avolumen
_bnc
_2rdacarrier
500 _aIncluye datos biográficos del autor en la contracubierta
590 _aInventariado 2024/BT
700 _983494
910 _aBtavárez
942 _2ddc
_cLBS1
999 _c57926
_d57926